1321 1123 1811 1142 1085 1868 1059 1371 1164 1391 1359 1015 1023 1247 1563 1750 1042 1367 1718 1559 1833 1812 1645 1910 1144 1668 1648 1680 1926 1357 1430 1373 1981 1324 1249 1501 1310 1974 1494 1764 1184 1141 1113 1504 1749 1527 1969 1651 1640 1646 1859 1971 1459 1123 1828 1591 1317 1845 1554 1470 1209 1481 1898 1126 1106 1427 1920 1133 1343 1331 1143 1184 1655 1892 1378 1511 1359 1766 1123 1795 1665 1195 1620 1963 1585 1134 1216 1189 1347 1079 1443 1312 1582 1059 1971 1935 1075 1219 1458 BCNSPRNW ULIB Ver.6.0+V

เปลี่ยนเป็นภาษาไทย

Change to English
 แสดงรายละเอียดบรรณานุกรม
  กลับหน้าหลัก

Brief Record : Get Marc (ISO 2709) : E-mail record : QR code < ปิดหน้าต่าง
LEADER : 00000nam 2200000uu 4500
001    13399123368
003     ULIB
008    140827s2550||||th 000 0 tha d
099    วจ WY18^bว485พ
100 0  วารุณี มีเจริญ และศักดิ์มงคล เชื้อทอง
245 00 พฤติกรรมเอื้ออาทรในการปฎิบัติการพยาบาลของผู้สำเร็จการศึกษาหลักสูตรพยาบาลศาสตร์บัณฑิต วิทยาลัยในสังกัดกระทรวงสาธารณสุข/^cวารุณี มีเจริญ และศักดิ์มงคล เชื้อทอง
260    สระบุรี:^bวิทยาลัยพยาบาลบรมราชชนนี สระบุรี,^c2550
300    91 หน้า
650  0 พฤติกรรมเอื้ออาทร^xวิจัย
700 0  ศักดิ์มงคล เชื้อทอง
945    ^p0^l0^i023457
999    ^aเกษร โพธิ์สุวรรณ
รายการนี้ยังไม่มีแท็ก
คุณยังไม่ได้ล็อกอิน คุณสามารถมีกิจกรรมร่วมกับเว็บไซต์ได้ แต่ต้องล็อกอินก่อน ::
  ล็อกอิน

รายการสื่อสารสนเทศ

ลำดับที่ ประเภท เลขเรียก/บาร์โค้ด สถานที่ สถานะ
1. งานวิจัย
งานวิจัย
วจ WY18 ว485พ ฉ.1 
  Barcode: 023457
ห้องสมุดวิทยาเขตสวรรค์ประชารักษ์
►วิจัย
บนชั้น

BibComment


ยังไม่เคยถูกคอมเมนท์

คอมเมนท์ทรัพยากรรายการนี้
  คอมเมนท์: พฤติกรรมเอื้ออาทร..


 Copyright 2026. Bcnsprnw @Library